Thermoplastic rubber as a shoe soling (Record no. 71292)

MARC details
000 -LEADER
fixed length control field 00369nam a2200145Ia 4500
100 ## - MAIN ENTRY--AUTHOR NAME
Personal name Carter Alan R
245 #0 - TITLE STATEMENT
Title Thermoplastic rubber as a shoe soling
260 ## - PUBLICATION, DISTRIBUTION, ETC. (IMPRINT)
Name of publisher Rubber World
Year of publication 1999
300 ## - PHYSICAL DESCRIPTION
Number of Pages 42-44,47
650 ## - SUBJECT ADDED ENTRY--TOPICAL TERM
Topical Term Shoe soling
650 ## - SUBJECT ADDED ENTRY--TOPICAL TERM
Topical Term Thermoplastic rubber
700 ## - ADDED ENTRY--PERSONAL NAME
Personal name Turner Richard H
942 ## - ADDED ENTRY ELEMENTS (KOHA)
Koha item type Journals
Holdings
Withdrawn status Lost status Damaged status Not for loan Home library Current library Shelving location Date acquired Serial Enumeration / chronology Koha item type
      Journals RRII Library RRII Library Rubber chemistry 17/12/2021 Volume 221, Issue 3 Journals